Mathematics with Applications in the Management, Natural, and Social Sciences (Record no. 959)

MARC details
005 - DATE AND TIME OF LATEST TRANSACTION
control field 20250319120346.0
020 ## - INTERNATIONAL STANDARD BOOK NUMBER
International Standard Book Number 0-673-15185-9
082 ## - DEWEY DECIMAL CLASSIFICATION NUMBER
Classification number 510 STE
100 ## - MAIN ENTRY--PERSONAL NAME
Author name LIAL, M. L.
245 ## - TITLE STATEMENT
Title Mathematics with Applications in the Management, Natural, and Social Sciences
250 ## - EDITION STATEMENT
Edition statement 2nd Ed.
260 ## - PUBLICATION, DISTRIBUTION, ETC.
Place of publication, distribution, etc. Illinois,
Name of publisher, distributor, etc. Scott, Foresman and Company,
Date of publication, distribution, etc. 1979.
300 ## - PHYSICAL DESCRIPTION
Extent viii, 658p.: ill,; figure, table
Other physical details Bibliography, glossary, index.
Dimensions 23cm.
700 ## - ADDED ENTRY--PERSONAL NAME
Other authors/Editors MILLER, C. D.
942 ## - ADDED ENTRY ELEMENTS (KOHA)
Source of classification or shelving scheme Dewey Decimal Classification
Koha item type Books
Holdings
Date last seen Total checkouts Full call number Barcode Cost, replacement price Price effective from Koha item type Lost status Source of classification or shelving scheme Damaged status Not for loan Withdrawn status Home library Current library Shelving location Date acquired Cost, normal purchase price
03/19/2025   510 LIA 0000003804 30000.00 03/19/2025 Books   Dewey Decimal Classification       College of Business Education Main Library College of Business Education Main Library General Collection 03/19/2025 10000.00